00874 2200301 4500001002100000005001500021035002000036007000300056008004100059020002200100082001700122084001900139100002700158245005700185250003600242300002900278650002000307710002900327264004200356336002100398337003000419338002300449040002200472090002200494850001200516999002200528990002200550INLIS00000000089196820241213122421 a0010-1224000515ta241213s2024 yoi g ind d a978-623-515-200-404223a899.2213 a899.2213 WEL m1 aWells, H.G.ePengarang10aManusia gaib /cH.G. Wells; penyunting, Fira Husaini aCetakan Pertama, September 2024 avi, 234 halaman ;c18 cm 4aFiksi Indonesia0 aFira HusainiePenyunting31aBantul :bAnak Hebat Indonesia,c2024 2rdacontentateks 2rdamediaatanpa perantara 2rdacarrieravolume aYOPDYOGbinderda aCB-D.11 2024-3806 aYOPDYOG aCB-D.11/2024-3806 aCB-D.11/2024-3806